| 000 | 00350nam a22001577a 4500 | ||
|---|---|---|---|
| 003 | SGT | ||
| 020 | _a9789351437116 | ||
| 082 | _a343.099 9,SAP | ||
| 100 | _aGUPATA, APAR | ||
| 245 | _aINFORMATION TEHNOLOGY ACT | ||
| 250 | _a3RD | ||
| 260 |
_aGURGAON _bLEXIS NEXIS _c2016 |
||
| 300 | _a974 | ||
| 650 | _aINFORMATION TEHNOLOGY | ||
| 942 |
_2ddc _cBK _01 |
||
| 999 |
_c10315 _d10315 |
||